000 00482nas a2200169 a 4500
001 000023322
003 DLC
005 20200930022134.0
008 101202c 9999dr br1 d 0 0spa d
040 _aDO-SdBNP
_bspa
043 _anwdr---
245 0 0 _aMinisterio público: Órgano de difusión de la Procuraduría General de la República.
260 _aSanto Domingo :
_bProcuraduría General de la República.
300 _an. :
_bil. ;.
310 _aBimensual
362 0 _aN. 1
999 _c22819
_d22819